[Event "Icara op U2200 1st"]
[Site "Icara"]
[Date "2016.08.06"]
[Round "3"]
[White "Espindola Junior, Peterson"]
[Black "Topanotti, Vinicius Valga"]
[Result "1/2-1/2"]
[WhiteElo "1623"]
[BlackElo "1771"]
[PlyCount "113"]
[EventDate "2016.08.05"]
[EventType "swiss"]
[EventRounds "7"]
[EventCountry "BRA"]
[SourceTitle "CBM 173 Extra"]
[Source "ChessBase"]
[SourceDate "2016.08.29"]
[SourceVersion "1"]
[SourceVersionDate "2016.08.29"]
[SourceQuality "1"]

1. f4 c5 2. Nf3 g6 3. e3 Bg7 4. Be2 Nf6 5. d3 d5 6. 0-0 e6 7. c3 Nc6 8. Ne5 d4 9. cxd4 cxd4 10. Nxc6 bxc6 11. Qa4 dxe3 12. Bxe3 Bd7 13. Bc5 Nd5 14. Qc2 Rb8 15. Nc3 Qa5 16. b4 Nxb4 17. Bxb4 Rxb4 18. Rac1 0-0 19. Kh1 e5 20. Rb1 exf4 21. Rxb4 Qxb4 22. Ne4 Rb8 23. Rxf4 Qb1+ 24. Qxb1 Rxb1+ 25. Rf1 Rb2 26. Bd1 Rxa2 27. Bb3 Ra1 28. Bxf7+ Kf8 29. Rxa1 Bxa1 30. Bc4 Bd4 31. g3 h6 32. Kg2 Bg4 33. Ba6 Kf7 34. Kf1 Ke6 35. Bc8+ Ke5 36. Bxg4 a5 37. Bd1 c5 38. Nd2 Bc3 39. Nc4+ Kd5 40. Ke2 Ke6 41. Ba4 Kd5 42. Ke3 Bd4+ 43. Kd2 Bg1 44. h3 Bh2 45. g4 Bc7 46. Kc3 h5 47. Ne3+ Ke5 48. Kc4 Bd6 49. gxh5 gxh5 50. Bd1 Kf4 51. Nd5+ Kg3 52. Bxh5 Kxh3 53. Kb5 Kh4 54. Bf7 Kg5 55. Kxa5 Kf5 56. Kb5 Ke5 57. Kc4 1/2-1/2

[Event "Sao Bento do Sul op 4th"]
[Site "Sao Bento do Sul"]
[Date "2015.06.06"]
[Round "4"]
[White "Topanotti, Vinicius Valga"]
[Black "Crul, Otavio Augusto Barr"]
[Result "1/2-1/2"]
[WhiteElo "1813"]
[BlackElo "1632"]
[PlyCount "47"]
[EventDate "2015.06.05"]
[EventType "swiss"]
[EventRounds "6"]
[EventCountry "BRA"]
[SourceTitle "EXT 2017"]
[Source "ChessBase"]
[SourceDate "2016.10.25"]
[SourceVersion "1"]
[SourceVersionDate "2016.10.25"]
[SourceQuality "1"]

1. c4 Nf6 2. g3 g6 3. Bg2 Bg7 4. Nf3 d6 5. Nc3 0-0 6. 0-0 c5 7. d4 cxd4 8. Nxd4 Nbd7 9. e3 Qc7 10. b3 a6 11. Bb2 Nb6 12. Rc1 Qd8 13. Qd2 Nfd7 14. Rfd1 Qc7 15. Nd5 Nxd5 16. cxd5 Qb6 17. f4 Nf6 18. e4 Bd7 19. Kh1 Rac8 20. h3 Rxc1 21. Rxc1 Nh5 22. g4 Nxf4 23. Qxf4 Bxd4 24. Rc7 1/2-1/2

[Event "Sao Bento do Sul op 4th"]
[Site "Sao Bento do Sul"]
[Date "2015.06.05"]
[Round "2"]
[White "Topanotti, Vinicius Valga"]
[Black "Osipi, Jair"]
[Result "1/2-1/2"]
[WhiteElo "1813"]
[BlackElo "2223"]
[PlyCount "44"]
[EventDate "2015.06.05"]
[EventType "swiss"]
[EventRounds "6"]
[EventCountry "BRA"]
[SourceTitle "EXT 2017"]
[Source "ChessBase"]
[SourceDate "2016.10.25"]
[SourceVersion "1"]
[SourceVersionDate "2016.10.25"]
[SourceQuality "1"]

1. c4 c5 2. g3 Nc6 3. Bg2 g6 4. Nf3 Bg7 5. 0-0 e5 6. Nc3 Nge7 7. d3 d6 8. Bd2 0-0 9. a3 h6 10. Rb1 a5 11. Nb5 Be6 12. b4 axb4 13. axb4 Nxb4 14. Bxb4 cxb4 15. Rxb4 Nc6 16. Ra4 Qd7 17. Qc2 Rxa4 18. Qxa4 d5 19. cxd5 Bxd5 20. Nc3 Be6 21. Ne4 Nd4 22. Qd1 Bd5 1/2-1/2